[Event "SVK-chT2D 1516"]
[Site "Slovakia"]
[Date "2016.01.24"]
[Round "7.8"]
[White "Zuscin, Martin"]
[Black "Olsavsky, Peter"]
[Result "1-0"]
[WhiteElo "1955"]
[BlackElo "1691"]
[PlyCount "69"]
[EventDate "2015.10.17"]
[EventType "team-tourn"]
[EventRounds "11"]
[EventCountry "SVK"]
[SourceTitle "EXT 2017"]
[Source "ChessBase"]
[SourceDate "2016.10.25"]
[SourceVersion "1"]
[SourceVersionDate "2016.10.25"]
[SourceQuality "1"]
[WhiteTeam "Bardejov II"]
[BlackTeam "Stara Lubovna SO II"]
[WhiteTeamCountry "SVK"]
[BlackTeamCountry "SVK"]

1. e4 e6 2. d4 d5 3. exd5 exd5 4. c4 Nf6 5. Bg5 Be7 6. Nc3 c6 7. Nf3 Be6 8. Qb3 Qb6 9. Qxb6 axb6 10. Bxf6 Bxf6 11. cxd5 cxd5 12. Bb5+ Nc6 13. 0-0-0 0-0 14. Rhe1 Rfc8 15. Kb1 Ra5 16. a3 Ne7 17. Bd3 Nf5 18. Bc2 Nd6 19. Ne5 Nc4 20. Nxc4 dxc4 21. Be4 Rd8 22. d5 Bc8 23. Re3 Rd6 24. Bd3 Bd7 25. Bxc4 Bf5+ 26. Bd3 Bxd3+ 27. Rexd3 Bxc3 28. Rxc3 Rc5 29. Kc2 f5 30. Rxc5 bxc5 31. Kc3 Kf7 32. Kc4 b6 33. Re1 h6 34. Re6 Rd8 35. Rxb6 1-0

[Event "SVK-chT2D 1516"]
[Site "Slovakia"]
[Date "2015.10.17"]
[Round "1.8"]
[White "Antal, Jakub"]
[Black "Olsavsky, Peter"]
[Result "0-1"]
[WhiteElo "1670"]
[BlackElo "1691"]
[PlyCount "58"]
[EventDate "2015.10.17"]
[EventType "team-tourn"]
[EventRounds "11"]
[EventCountry "SVK"]
[SourceTitle "CBM 169 Extra"]
[Source "ChessBase"]
[SourceDate "2015.12.18"]
[SourceVersion "1"]
[SourceVersionDate "2015.12.18"]
[SourceQuality "1"]
[WhiteTeam "Kosice Slavia IV"]
[BlackTeam "Stara Lubovna SO II"]
[WhiteTeamCountry "SVK"]
[BlackTeamCountry "SVK"]

1. e4 e6 2. d4 d5 3. Nd2 dxe4 4. Nxe4 Nd7 5. Nf3 Ngf6 6. Nxf6+ Nxf6 7. Bf4 Bd6 8. Be5 0-0 9. h4 b6 10. Bd3 h6 11. Qd2 Bb7 12. 0-0-0 a5 13. Rh3 Ba6 14. Nh2 Bxd3 15. Rxd3 Nd5 16. Rh3 Qe7 17. f4 Rfd8 18. g4 c5 19. dxc5 Bxc5 20. Qe2 f6 21. Bc3 Nxf4 22. Rxd8+ Rxd8 23. Qf3 Nxh3 24. Qxh3 Qd6 25. Qd3 Qxd3 26. cxd3 Rxd3 27. Kc2 Rh3 28. Nf1 Rxh4 29. a3 Rxg4 0-1